[Event "Belgrade-chT"]
[Site "Belgrade"]
[Date "2017.10.08"]
[Round "3.3"]
[White "Milutinovic, Dejan D"]
[Black "Dinic, Dusan"]
[Result "0-1"]
[WhiteElo "2050"]
[BlackElo "2143"]
[PlyCount "120"]
[EventDate "2017.10.01"]
[EventType "team-tourn"]
[EventRounds "11"]
[EventCountry "SRB"]
[SourceTitle "CBM 181 Extra"]
[Source "ChessBase"]
[SourceDate "2017.12.12"]
[SourceVersion "1"]
[SourceVersionDate "2017.12.12"]
[SourceQuality "1"]
[WhiteTeam "Lasta"]
[BlackTeam "Nis Jugopetrol"]
[WhiteTeamCountry "SRB"]
[BlackTeamCountry "SRB"]

1. d4 Nf6 2. Nf3 c5 3. e3 g6 4. g3 Bg7 5. Bg2 0-0 6. Nbd2 Na6 7. 0-0 Rb8 8. c4 d6 9. b3 Nb4 10. Ne1 cxd4 11. exd4 Bg4 12. Ndf3 Qd7 13. Qd2 Nc6 14. Bb2 e5 15. d5 Ne7 16. a4 Rfc8 17. Nc2 Bh3 18. Rfe1 Bxg2 19. Kxg2 a6 20. a5 b5 21. axb6 Rxb6 22. Nb4 Nh5 23. Rxa6 Nf4+ 24. Kh1 Qh3 25. Rg1 Rxa6 26. Nxa6 Bh6 27. Qd1 Ra8 28. Nb4 Nf5 29. g4 e4 30. gxf5 Qxf3+ 31. Qxf3 exf3 32. Nc6 Re8 33. b4 Nh3 34. Rf1 Nxf2+ 35. Kg1 Nh3+ 36. Kh1 Nf2+ 37. Kg1 Re2 38. Bd4 Nh3+ 39. Kh1 Bf4 40. Bg1 Nxg1 41. Kxg1 Rg2+ 42. Kh1 Rxh2+ 43. Kg1 Rg2+ 44. Kh1 Rg3 45. Kh2 g5 46. f6 h5 47. Ne7+ Kh7 48. Nf5 Rg2+ 49. Kh1 g4 50. c5 dxc5 51. bxc5 Rh2+ 52. Kg1 Kg6 53. Nd4 Rg2+ 54. Kh1 Rg3 55. Re1 Rh3+ 56. Kg1 Bh2+ 57. Kf1 Bg3 58. Ne2 Rh1+ 59. Ng1 Rxg1+ 60. Kxg1 f2+ 0-1

[Event "Belgrade-chT Quality"]
[Site "Belgrade"]
[Date "2016.10.26"]
[Round "10.2"]
[White "Dikic, Veljko"]
[Black "Dinic, Dusan"]
[Result "1-0"]
[WhiteElo "2072"]
[BlackElo "2165"]
[PlyCount "147"]
[EventDate "2016.10.01"]
[EventType "team-tourn"]
[EventRounds "11"]
[EventCountry "SRB"]
[SourceTitle "EXT 2018"]
[Source "ChessBase"]
[SourceDate "2017.10.13"]
[SourceVersion "1"]
[SourceVersionDate "2017.10.13"]
[SourceQuality "1"]

1. e4 c5 2. Nc3 Nc6 3. Bb5 Nd4 4. Bc4 g6 5. Nf3 Bg7 6. Nxd4 cxd4 7. Qf3 Nf6 8. Nb5 0-0 9. Nxd4 b5 10. e5 Ng4 11. Qxa8 bxc4 12. Qxa7 Bxe5 13. h3 Bc7 14. hxg4 Bb6 15. Qa3 Bxd4 16. Qh3 h5 17. gxh5 d5 18. Qg3 Bf5 19. d3 cxd3 20. cxd3 Qa5+ 21. Bd2 Qb5 22. Bc3 Bxc3+ 23. bxc3 d4 24. 0-0 dxc3 25. a4 Qa6 26. Qe5 c2 27. h6 Qf6 28. Qxf6 exf6 29. Ra3 Rd8 30. a5 Bxd3 31. Rc1 Bf5 32. Raa1 Ra8 33. a6 Ra7 34. f3 Kh7 35. Kf2 g5 36. Ke3 Kxh6 37. Kd4 Bc8 38. Rxc2 Rxa6 39. Rxa6 Bxa6 40. Rc6 Bf1 41. g3 Kg6 42. Ke4 Bb5 43. Rb6 Ba4 44. Ra6 Bc2+ 45. Ke3 Bb3 46. Rb6 Bd5 47. f4 g4 48. Rb5 Bf3 49. Rb6 Kf5 50. Kd4 Bg2 51. Rb5+ Kg6 52. Ra5 Bf3 53. Ra7 Bg2 54. Kc5 Be4 55. Kd6 Bf5 56. Ke7 Be6 57. Ra6 Kf5 58. Ra5+ Kg6 59. Rc5 Bb3 60. Rc6 Kf5 61. Rxf6+ Ke4 62. Rc6 Ba2 63. Kf6 Bd5 64. Rc3 Kd4 65. Ra3 Ke4 66. Kg5 f5 67. Ra5 Bb7 68. Rxf5 Kf3 69. Rb5 Bc8 70. Rb3+ Kg2 71. f5 Kh3 72. f6 Be6 73. Re3 Bd5 74. Kf4 1-0

[Event "Belgrade-chT Quality"]
[Site "Belgrade"]
[Date "2016.10.22"]
[Round "7.6"]
[White "Lazic, Ljubisa V"]
[Black "Dinic, Dusan"]
[Result "1-0"]
[WhiteElo "2199"]
[BlackElo "2165"]
[PlyCount "121"]
[EventDate "2016.10.01"]
[EventType "team-tourn"]
[EventRounds "11"]
[EventCountry "SRB"]
[SourceTitle "EXT 2018"]
[Source "ChessBase"]
[SourceDate "2017.10.13"]
[SourceVersion "1"]
[SourceVersionDate "2017.10.13"]
[SourceQuality "1"]

1. d4 Nf6 2. Nf3 c5 3. c3 b6 4. Bg5 Bb7 5. e3 Nc6 6. Nbd2 e6 7. Bd3 Be7 8. 0-0 h6 9. Bh4 0-0 10. Qe2 Re8 11. Rac1 Nh7 12. Bg3 d6 13. Rfd1 a6 14. a4 Qb8 15. Nc4 cxd4 16. exd4 Qc7 17. Ne3 Nf8 18. h3 Qc8 19. Qc2 Nb8 20. Nd2 Nbd7 21. Be4 Nf6 22. Bxb7 Qxb7 23. Qb3 Qc6 24. c4 Rac8 25. d5 exd5 26. cxd5 Qxc1 27. Rxc1 Rxc1+ 28. Kh2 Nh5 29. Qxb6 Nxg3 30. Kxg3 Ng6 31. Nf3 h5 32. h4 Rh1 33. Nf5 Bf8 34. Qd4 Ne5 35. Ne3 g6 36. Nxe5 Bg7 37. Qb4 Bxe5+ 38. Kf3 Bg7 39. g3 Rb1 40. Nc4 Be5 41. Nxd6 Bxd6 42. Qxd6 Rxb2 43. Qxa6 Re5 44. Qa7 Rf5+ 45. Kg2 Kh7 46. Qd4 Re2 47. d6 Re8 48. d7 Rd8 49. Qd6 Ra5 50. Qe7 Raa8 51. Qxf7+ Kh6 52. Qe7 Rf8 53. a5 Rfb8 54. a6 Rg8 55. a7 g5 56. hxg5+ Kg6 57. f4 Rgf8 58. Qe6+ Kh7 59. f5 h4 60. Qe7+ Kg8 61. f6 1-0

[Event "Belgrade-chT Quality"]
[Site "Belgrade"]
[Date "2016.10.09"]
[Round "4.3"]
[White "Radojkovic, Vladica R"]
[Black "Dinic, Dusan"]
[Result "0-1"]
[WhiteElo "1960"]
[BlackElo "2165"]
[PlyCount "82"]
[EventDate "2016.10.01"]
[EventType "team-tourn"]
[EventRounds "11"]
[EventCountry "SRB"]
[SourceTitle "EXT 2018"]
[Source "ChessBase"]
[SourceDate "2017.10.13"]
[SourceVersion "1"]
[SourceVersionDate "2017.10.13"]
[SourceQuality "1"]

1. d4 Nf6 2. Bg5 c5 3. d5 Qb6 4. Nc3 g6 5. e4 d6 6. Qd2 Bg7 7. Bb5+ Nbd7 8. a4 Qa5 9. f4 a6 10. Bxd7+ Nxd7 11. Nf3 b5 12. 0-0 b4 13. Ne2 h6 14. Bh4 Bxb2 15. e5 g5 16. fxg5 Nxe5 17. Rab1 Nxf3+ 18. Rxf3 Be5 19. Rbf1 Bg4 20. Rxf7 0-0-0 21. h3 Bh5 22. Rxe7 hxg5 23. Bxg5 Rdg8 24. Bf6 Bxf6 25. Rxf6 c4 26. Kh2 Qc5 27. Nf4 Be8 28. Ne6 Qb6 29. Rc7+ Kb8 30. Rxc4 a5 31. Nd4 Qa6 32. Nc6+ Ka8 33. Qd4 Bd7 34. Rf7 Qb7 35. Rxd7 Qxd7 36. Qb6 Rxg2+ 37. Kxg2 Qxh3+ 38. Kf2 Rf8+ 39. Ke1 Rf1+ 40. Kd2 Qg2+ 41. Ke3 Rf3+ 0-1

[Event "Belgrade-chT"]
[Site "Belgrade"]
[Date "2014.10.04"]
[Round "1"]
[White "Dinic, Dusan"]
[Black "Dimitrijevic, Vuk"]
[Result "1-0"]
[WhiteElo "2254"]
[BlackElo "1910"]
[PlyCount "55"]
[EventDate "2014.10.04"]
[EventType "team-tourn"]
[EventRounds "13"]
[EventCountry "SRB"]
[SourceTitle "EXT 2015"]
[Source "ChessBase"]
[SourceDate "2014.11.20"]
[SourceVersion "1"]
[SourceVersionDate "2014.11.20"]
[SourceQuality "1"]

1. d4 Nf6 2. c4 g6 3. Nc3 Bg7 4. e4 d6 5. Nf3 0-0 6. Be2 e5 7. 0-0 Nc6 8. d5 Ne7 9. Nd2 Ne8 10. b4 f5 11. f3 f4 12. c5 Nf6 13. Ba3 a6 14. Nc4 Rf7 15. b5 axb5 16. cxd6 bxc4 17. dxe7 Qd7 18. Bb4 Ne8 19. a4 Nd6 20. Nb5 Qxe7 21. Bxc4 Bf8 22. Qe2 Qd8 23. Bc3 Nxb5 24. axb5 Bc5+ 25. Kh1 Rxa1 26. Rxa1 Qd6 27. Qb2 Re7 28. Ra8 1-0

[Event "Belgrade-chT"]
[Site "Belgrade"]
[Date "2014.05.08"]
[Round "3"]
[White "Keserovic, Milan"]
[Black "Dinic, Dusan"]
[Result "1/2-1/2"]
[WhiteElo "2214"]
[BlackElo "2239"]
[PlyCount "109"]
[EventDate "2014.05.05"]
[EventType "swiss"]
[EventRounds "5"]
[EventCountry "SRB"]
[SourceTitle "CBM 160 Extra"]
[Source "ChessBase"]
[SourceDate "2014.07.01"]
[SourceVersion "1"]
[SourceVersionDate "2014.07.01"]
[SourceQuality "1"]

1. e4 c5 2. Nf3 e6 3. c3 Nf6 4. e5 Nd5 5. d4 cxd4 6. Qxd4 Nc6 7. Qe4 f5 8. Qe2 b6 9. g3 Qc7 10. Bg2 Ncb4 11. c4 Ba6 12. Na3 Rc8 13. b3 Nc3 14. Qe3 Ncxa2 15. 0-0 Nxc1 16. Rfxc1 Bc5 17. Qe2 0-0 18. Nc2 Bb7 19. Ncd4 a6 20. Rd1 Be4 21. Rd2 Qb7 22. Nh4 Bxg2 23. Nxg2 Qe4 24. Rad1 Rc7 25. Nf4 Qxe2 26. Ndxe2 Rf7 27. h4 Kf8 28. Nc3 Nc6 29. Nd3 Bd4 30. Na4 Na5 31. Nc1 Bc5 32. Nxc5 bxc5 33. Rd6 f4 34. Rxa6 Nc6 35. Nd3 fxg3 36. fxg3 Nd4 37. Kg2 Nxb3 38. Ra8+ Ke7 39. Nf2 Nd4 40. Ne4 Nf5 41. Nd6 Rf8 42. Rxf8 Kxf8 43. Rf1 Ke7 44. Nxf5+ exf5 45. Rxf5 Rb7 46. Rg5 g6 47. h5 Rb4 48. hxg6 hxg6 49. Rxg6 Rxc4 50. Kf3 Rd4 51. Ke3 Rd5 52. Ke4 Rd1 53. Ra6 Rd4+ 54. Kf3 Rd1 55. Ke4 1/2-1/2